| 000 | 00738cam a2200217 a 4500 | ||
|---|---|---|---|
| 001 | 000005907 | ||
| 005 | 20200929151832.0 | ||
| 008 | 810515s1923 sp 000 0 spa | ||
| 035 | _a(DLC) 24003325 | ||
| 035 | _a(OCoLC)7422223 | ||
| 040 |
_aDO-SdBNP _cNAlU _dDLC _dBNPHU |
||
| 050 | 0 | 0 |
_aF1409.5 _b.B56 |
| 082 |
_ann _bB715m |
||
| 100 | 1 |
_aBonilla y San Martín, Adolfo, _d1875-1926. _916659 |
|
| 245 | 1 | 4 |
_aLos mitos de la América precolombina : _bla patria de Colón, y otros estudios de historia hispanoamericana / _cAdolfo Bonilla y San Martín. |
| 260 |
_aBarcelona : _bCervantes, _c1923. |
||
| 300 |
_a291 p. ; _c19 cm. |
||
| 651 | 0 |
_aLatin America _xAntiquities. _916660 |
|
| 910 | _aCatalogación por copia / LC | ||
| 049 | _aBNGR | ||
| 999 |
_c5703 _d5703 |
||